Kam s nimi aneb do kterého podniku vložíme své kupóny

Gespeichert in:
Bibliographische Detailangaben
Format: Buch
Sprache:Tschechisch
Veröffentlicht: Brno P.F. Sport Agency 1992
Ausgabe:1. vyd.
Schlagworte:
Tags: Tag hinzufügen
Keine Tags, Fügen Sie das erste Tag hinzu!

MARC

LEADER 00000nam a2200000 4500
001 c001137
005 20221214085816.7
041 0 |a cze 
044 |a CZ 
245 1 0 |a Kam s nimi aneb do kterého podniku vložíme své kupóny 
250 |a 1. vyd. 
264 1 |a Brno  |b P.F. Sport Agency  |c 1992 
300 |a 255 s. 
610 2 0 |a privatizácia 
610 2 0 |a privatizácia kupónová 
610 2 0 |a podnik 
610 2 0 |a spoločnosti akciové 
610 2 0 |a informácie ekonomické 
610 2 0 |a ČSFR 
610 2 0 |a 1991 
610 2 0 |a ukazovatele ekonomické